Fixed income attribution

Bibliographic Details
Main Author: Colin, Andrew.
Corporate Author: ProQuest (Firm)
Format: Electronic eBook
Language:English
Published: Hoboken, NJ : Wiley, c2005.
Series:Wiley finance series.
Subjects:
Online Access:Click to View
LEADER 01336nam a22003854a 4500
001 EBC228611
003 MiAaPQ
005 20200520144314.0
006 m o d |
007 cr cn|||||||||
008 041008s2005 njua sb 001 0 eng
010 |z  2004023806 
020 |z 0470011750 (Cloth : alk. paper) 
035 |a (MiAaPQ)EBC228611 
035 |a (Au-PeEL)EBL228611 
035 |a (CaPaEBR)ebr10113953 
035 |a (CaONFJC)MIL27560 
035 |a (OCoLC)475936932 
040 |a MiAaPQ  |c MiAaPQ  |d MiAaPQ 
050 4 |a HG4650  |b .C65 2005 
082 0 4 |a 332.63/2044  |2 22 
100 1 |a Colin, Andrew. 
245 1 0 |a Fixed income attribution  |h [electronic resource] /  |c Andrew Colin. 
260 |a Hoboken, NJ :  |b Wiley,  |c c2005. 
300 |a xiv, 143 p. :  |b ill. 
490 1 |a Wiley finance series 
504 |a Includes bibliographical references and index. 
533 |a Electronic reproduction. Ann Arbor, MI : ProQuest, 2015. Available via World Wide Web. Access may be limited to ProQuest affiliated libraries. 
650 0 |a Fixed-income securities. 
650 0 |a Portfolio management. 
650 0 |a Rate of return. 
655 4 |a Electronic books. 
710 2 |a ProQuest (Firm) 
830 0 |a Wiley finance series. 
856 4 0 |u https://ebookcentral.proquest.com/lib/matrademy/detail.action?docID=228611  |z Click to View